Razonabilidad, proporcionalidad y límites en el derecho de acceso a formar una familia en las técnicas de reproducción humana asistida (Registro nro. 31684)

Detalles MARC
000 -LEADER
fixed length control field 00423 a2200109 4500
001 - CONTROL NUMBER
control field ART_42508
005 - DATE AND TIME OF LATEST TRANSACTION
control field 20260410162005.0
008 - FIXED-LENGTH DATA ELEMENTS--GENERAL INFORMATION
fixed length control field 260409a
100 1# - MAIN ENTRY--PERSONAL NAME
Personal name Herrera, Marisa
245 10 - TITLE STATEMENT
Title Razonabilidad, proporcionalidad y límites en el derecho de acceso a formar una familia en las técnicas de reproducción humana asistida
773 0# - HOST ITEM ENTRY
Title Temas de derecho civil
Related parts - Año 3, Nº 6 (jun. 2017)
Record control number REV34778

No hay ítems disponibles.